000 00322nam a2200133Ia 4500
005 20251222155124.0
008 251222s9999||||xx |||||||||||||| ||spa||
082 _aETI.75
100 _aBRUSCO,Angelo.
245 0 _aHumanización de la asistencia al enfermo
250 _a1ra. ed.
264 _bSal Terrae
942 _cLIB
999 _c38549
_d38549